Zara Muskurado (Record no. 8917)

MARC details
000 -LEADER
fixed length control field 00562nam a2200241 a 4500
020 ## - INTERNATIONAL STANDARD BOOK NUMBER
ISBN
082 00 - DEWEY DECIMAL CLASSIFICATION NUMBER
Classification number 891.439
Author Cutter QUR
100 ## - MAIN ENTRY--AUTHOR NAME
Author name Qureshi, R Taher
245 ## - TITLE STATEMENT
Title Zara Muskurado
260 ## - PUBLICATION, DISTRIBUTION, ETC. (IMPRINT)
Place of publication Hyderabad
Name of publisher Ijaz Printing Press
Year of publication 1970
300 ## - PHYSICAL DESCRIPTION
Number of Pages 275p
500 ## - GENERAL NOTE
General note includes index and biblioraphy
505 2# - FORMATTED CONTENTS NOTE
Formatted contents note index
650 ## - SUBJECT ADDED ENTRY--TOPICAL TERM
Topical Term Urdu-Satire
942 ## - ADDED ENTRY ELEMENTS (KOHA)
Koha item type Books
700 1# -
-- Qureshi, R Taher
Holdings
Collection code Home library Current library Date acquired Cost, normal purchase price Full call number Accession Number Koha item type
  Henry Martyn Institute Library Henry Martyn Institute Library 06/22/2007 5.00 891.439 QUR 013330 Books
                   Copyright © 2026 | Henry Martyn Institute | Hyderabad | TS-500052 | INDIA | Implemented by hmi.edu.in
Hit-Count:

Powered by Koha